Catálogo

LA JUSTICIA CONSTITUCIONAL : (Registro nro. 20782)

Detalles MARC
000 -LEADER
fixed length control field 00531nam a2200193 a 4500
001 - CONTROL NUMBER
control field 20782
005 - DATE AND TIME OF LATEST TRANSACTION
control field 20180713214424.0
008 - FIXED-LENGTH DATA ELEMENTS--GENERAL INFORMATION
fixed length control field 140415s1987 mx 000 0 spa d
020 ## - INTERNATIONAL STANDARD BOOK NUMBER
International Standard Book Number 9683601200
041 ## - LANGUAGE CODE
Language code of text/sound track or separate title spa
082 ## - DEWEY DECIMAL CLASSIFICATION NUMBER
Classification number 340.2
Item number CAP
100 1# - MAIN ENTRY--PERSONAL NAME
Personal name CAPPELLETTI, MAURO
245 13 - TITLE STATEMENT
Title LA JUSTICIA CONSTITUCIONAL :
Remainder of title (ESTUDIOS DE DERECHO COMPARADO)
250 ## - EDITION STATEMENT
Edition statement 1a ed.
260 ## - PUBLICATION, DISTRIBUTION, ETC.
Place of publication, distribution, etc. MEXICO :
Name of publisher, distributor, etc. UNAM,
Date of publication, distribution, etc. 1987
300 ## - PHYSICAL DESCRIPTION
Extent 357
650 14 - SUBJECT ADDED ENTRY--TOPICAL TERM
Topical term or geographic name entry element DERECHO COMPARADO
700 1# - ADDED ENTRY--PERSONAL NAME
Personal name Fix-Zamudio, Héctor,
Dates associated with a name 1924-
Relator term pról.
Existencias
Withdrawn status Lost status Source of classification or shelving scheme Damaged status Not for loan Collection code Home library Current library Shelving location Date acquired Source of acquisition Inventory number Total Checkouts Full call number Barcode Date last seen Price effective from Koha item type
    Dewey Decimal Classification     General Biblioteca Karol Wojtyla Biblioteca Karol Wojtyla Sala general 03/12/2013 Compra 151000000000000000050588   340.2 CAP 40773 05/01/2026 03/12/2013 Libro